The storm lord /

Bibliographic Details
Main Author: Lee, Tanith
Format: Book
Language:English
Published: New York : DAW Books, [1976]
Series:Lee, Tanith. Novels of Vis ; book one.
Daw - SF books ; no. 193.
DAW book collectors ; no. 193.
DAW book collectors ; no. 193 - (UE2273 ; $3.95 - 1988 printing)
Novels of Vis ; book one].
Subjects:

MARC

Tag First Indicator Second Indicator Subfields
LEADER 00000cam a2200000 a 4500
001 in00000408613
005 20151012050536.0
008 841126s1976 nyu 00011 eng d
020 |a 0879978678 (pbk.) :  |c 2.95 
035 |a (OCoLC)11418326 
035 |9 ABT0047AM 
040 |a RCL  |c RCL  |d TXA  |d UtOrBLW 
049 |a TXA1  |c [A14808493563] 
090 |a PR6062.E4163  |b S76 1976 
100 1 |a Lee, Tanith. 
245 1 4 |a The storm lord /  |c Tanith Lee. 
264 1 |a New York :  |b DAW Books,  |c [1976] 
264 4 |c ©1976 
300 |a 350 pages :  |b illustrations ;  |c 18 cm. 
336 |a text  |b txt  |2 rdacontent 
337 |a unmediated  |b n  |2 rdamedia 
338 |a volume  |b nc  |2 rdacarrier 
490 1 |a DAW books = sf ;  |v no. 193 (UE1233 ; $1.75 - "Printed in Canada" - [1st Canadian printing]) 
490 1 |a DAW books = sf - (UJ1361 ; $1.95 - 1978 printing) 
490 1 |a DAW books = sf - (UE1867 ; $2.95 - 1983 printing) 
490 1 |a DAW book collectors ;  |v no. 193 - (UE2273 ; $3.95 - 1988 printing) 
490 1 |a [The Novels of Vis ;  |v book one] 
500 |a Three of the Cushing Library/Science Fiction copies (1st Canadian printing, 1978 printing, 1988 printing) were used to compile Daughter of the night : an annotated Tanith Lee bibliography. 
500 |a The Cushing Library/Science Fiction copy printing dates were obtained from Daughter of the night : an annotated Tanith Lee bibliography. 
650 0 |a Fantasy fiction. 
800 1 |a Lee, Tanith.  |t Novels of Vis ;  |v book one. 
830 0 |a Daw - SF books ;  |v no. 193. 
830 0 |a DAW book collectors ;  |v no. 193. 
830 0 |a DAW book collectors ;  |v no. 193 - (UE2273 ; $3.95 - 1988 printing) 
830 0 |a Novels of Vis ;  |v book one]. 
999 |a MARS 
999 f f |s 22f94cf5-3335-321b-bc4c-0d6aee95c94e  |i 3d008d9c-c6ab-3369-8992-3aaf35b0f0a2  |t 0 
952 f f |p noncirc  |a Texas A&M University  |b College Station  |c Cushing Memorial Library & Archives  |d Cushing: Science Fiction (Does not check out)  |t 0  |e PR6062.E4163 S76 1976  |h Library of Congress classification  |i unmediated -- volume  |m A14808493563 
952 f f |p noncirc  |a Texas A&M University  |b College Station  |c Cushing Memorial Library & Archives  |d Cushing: Science Fiction (Does not check out)  |t 0  |e PR6062.E4163 S76 1976  |h Library of Congress classification  |i unmediated -- volume 
952 f f |p noncirc  |a Texas A&M University  |b College Station  |c Cushing Memorial Library & Archives  |d Cushing: Science Fiction (Does not check out)  |t 0  |e PR6062.E4163 S76 1976  |h Library of Congress classification  |i unmediated -- volume 
952 f f |p noncirc  |a Texas A&M University  |b College Station  |c Cushing Memorial Library & Archives  |d Cushing: Science Fiction (Does not check out)  |t 0  |e PR6062.E4163 S76 1976  |h Library of Congress classification  |i unmediated -- volume 
998 f f |a PR6062.E4163 S76 1976  |t 0  |l Cushing: Science Fiction (Does not check out) 
998 f f |a PR6062.E4163 S76 1976  |t 0  |l Cushing: Science Fiction (Does not check out) 
998 f f |a PR6062.E4163 S76 1976  |t 0  |l Cushing: Science Fiction (Does not check out) 
998 f f |a PR6062.E4163 S76 1976  |t 0  |l Cushing: Science Fiction (Does not check out)